| 000 | 01549nam a2200469 i 4500 | ||
|---|---|---|---|
| 001 | 5012 | ||
| 003 | KOSZ 005 | ||
| 005 | 20200811081546.0 | ||
| 008 | 040519s1975 pl a f |000 0 pol | ||
| 015 | _aUWD 1976/591 | ||
| 035 | _a991023362309705066 | ||
| 035 | _a(PL-WaBN)b16401876-48omnis_nlop | ||
| 035 | _ab16401876 | ||
| 035 | _a(OCoLC)751385309 | ||
| 035 | _a(PL)b0000001640187 | ||
| 035 | _a(EXLNZ-48OMNIS_NETWORK)9910180497705606 | ||
| 040 |
_aWA N _cWA N _dKOSZ 005/HR |
||
| 041 | 0 | _apol | |
| 046 | _k1975 | ||
| 080 | _a631.5 | ||
| 245 | 0 | 0 |
_aMagazynowanie ziarna zbóż, nasion strączkowych i oleistych : _bpraca zbiorowa / _c[aut. Tadeusz Bulsiewicz et al.]. |
| 260 |
_aWarszawa : _bWydawnictwa Naukowo-Techniczne, _c1975. |
||
| 300 |
_a465, [3] s. : _bil., tab., wykr. ; _c21 cm. |
||
| 336 |
_aTekst _btxt _2rdacontent |
||
| 337 |
_aBez urządzenia pośredniczącego _bn _2rdamedia |
||
| 338 |
_aWolumin _bnc _2rdacarrier |
||
| 380 | _aKsiążki | ||
| 388 | _a1901-2000 | ||
| 388 | _a1945-1989 | ||
| 504 | _aBibliogr. | ||
| 650 | 7 |
_aNasiona _2DBN |
|
| 650 | 7 | _aRośliny oleiste | |
| 650 | 7 | _aRośliny strączkowe | |
| 650 | 7 | _aMagazynowanie | |
| 650 | 7 |
_aSpichrze _2DBN |
|
| 658 | _aRolnictwo i leśnictwo | ||
| 700 | 1 |
_aBulsiewicz, Tadeusz _eAutor |
|
| 710 | 2 |
_aWydawnictwa Naukowo-Techniczne _4pbl |
|
| 856 |
_uhttp://koha.tu.koszalin.pl/cgi-bin/koha/opac-detail.pl?biblionumber=5012 _yKatalog online BPK |
||
| 942 |
_2UKD _cKS |
||
| 999 |
_c5012 _d5012 |
||